000 00478nam a2200169 4500
001 121918
003 ES-MaACL
005 20230906191851.0
007 t|
008 070214s1967 sp r ||||1| cat d
100 1 _aPoblet, Josep María.
_992690
245 1 0 _aRafael Tasis
_b: conducta i exemple /
_cJosep M. Poblet.
250 _a1ª ed.
260 _aBarcelona [etc.] :
_bGrijalbo,
_c1967.
300 _a182 p., 4 lám. ;
_c20 cm.
852 _aES-MaACL
_jC-31956
_bR.62766
999 _c121918
_d121918